000 02001nam1a2200349 4500
001 RU\NLR\BIBL_A\022675004
005 20260406100445.0
010 _a978-5-9704-9430-1
_91000
035 _a(NLR Aleph) 022675004
090 _a13539825
_c13539825
100 _a20251128d2026 k y0rusy50 ca
101 1 _aeng
_crus
102 _aRU
105 _a||||j |||||
181 0 _ai3
_baxxe
182 0 _an
200 1 _aHuman anatomy
_dАнатомия человека
_etextbook
_eдля студентов учреждений высшего профессионального образования, обучающихся по специальностям 31.05.01 "Лечебное дело" и 31.05.02 "Педиатрия" по дисциплине "Анатомия", по специальности 32.05.01 "Медико-профилактическое дело" по дисциплине "Анатомия человека. Топографическая анатомия"
_e[translation from Russian]
_ein 2 volumes
_fM. R. Sapin, D. B. Nikityuk, V. N. Nikolenko, S. V. Klochkova
_gedited by M. R. Sapin, D. B. Nikityuk
_zrus
203 _aТекст
_bвизуальный
_cнепосредственный
210 _aMoscow
_cGEOTAR-Media
_d2026 (печ. 2025)
215 _d25
510 1 _aАнатомия человека
_zrus
606 1 _aЧеловек
_jУчебники для высших учебных заведений
_xАнатомия
_92080069
_3RU\NLR\AUTH\661255980
686 1 _aЕ860я732Р-1
701 1 _7ba
_8rus
_aSapin
_bM. R.
_f1925-2015
_gMichail Romanovič
_3RU\NLR\AUTH\770288923
_92693646
701 1 _7ba
_8rus
_aNikitjuk
_bD. B.
_f1962-
_gDmitrij Borisovič
_3RU\NLR\AUTH\770183153
_9183102
701 1 _aNikolenko
_bV. N.
_f1956-
_gVladimir Nikolaevič
701 1 _7ba
_8rus
_aKločkova
_bS. V.
_gSvetlana Valer'evna
_9183120
_3RU\NLR\AUTH\770183171
852 _aNLR
_jИк 2025-7/609
942 _cBOOK
980 _aNB